[Event "Collado Villalba op-B 35th"]
[Site "Collado Villalba ESP"]
[Date "2018.09.01"]
[Round "9.6"]
[White "Tevar Sanz, Gonzalo"]
[Black "Navas Hernando, Oscar"]
[Result "0-1"]
[WhiteElo "1757"]
[BlackElo "1790"]
[PlyCount "114"]
[EventDate "2018.08.24"]
[EventType "swiss"]
[EventRounds "9"]
[EventCountry "ESP"]
[SourceTitle "Ajedrez en Madrid"]
[Source "lmi"]
[SourceDate "2018.08.24"]

1. d4 Nf6 2. Bf4 g6 3. e3 d6 4. Nf3 Nh5 5. Bg5 h6 6. Bh4 g5 7. Nfd2 Ng7 8. Bg3
Nf5 9. Bd3 Nxg3 10. fxg3 Bg7 11. Nc3 e6 12. Qf3 Nd7 13. h4 a6 14. Nce4 f5 15.
Qh5+ Kf8 16. Rf1 Qe8 17. Qf3 Ke7 18. Nc3 g4 19. Qe2 d5 20. Bxf5 exf5 21. Nxd5+
Kd8 22. Rxf5 Qg6 23. Rf4 h5 24. O-O-O Rf8 25. Rdf1 c6 26. Rxf8+ Nxf8 27. Nb6
Rb8 28. Qc4 Be6 29. Qc5 Kc7 30. d5 Nd7 31. d6+ Kd8 32. Qa5 Ke8 33. Nxd7 Bxd7
34. Nc4 b5 35. Nb6 Rd8 36. Rd1 Qf6 37. Qb4 Qe5 38. Kb1 a5 39. Nxd7 axb4 40.
Nxe5 Bxe5 41. Rf1 Rxd6 42. Kc1 Bxg3 43. Rf5 Rd5 44. Rf6 c5 45. c3 bxc3 46. bxc3
Bxh4 47. Re6+ Kf7 48. Re4 Bg5 49. Kc2 c4 50. a4 bxa4 51. Rxc4 Bxe3 52. Rxa4
Rd2+ 53. Kb3 Rxg2 54. Kc4 h4 55. Kd5 h3 56. Ra1 h2 57. Rh1 g3 0-1

[Event "Collado Villalba op-B 35th"]
[Site "Collado Villalba ESP"]
[Date "2018.09.01"]
[Round "9.7"]
[White "Garcia Castineira, Ivan"]
[Black "Criado Riesgo, Manuel"]
[Result "0-1"]
[WhiteElo "1673"]
[BlackElo "1665"]
[PlyCount "53"]
[EventDate "2018.08.24"]
[EventType "swiss"]
[EventRounds "9"]
[EventCountry "ESP"]
[SourceTitle "Ajedrez en Madrid"]
[Source "lmi"]
[SourceDate "2018.08.24"]

1. d4 d5 2. c4 e6 3. Nc3 Nf6 4. Bg5 Be7 5. Nf3 h6 6. Bh4 O-O 7. e3 Nbd7 8. Rc1
c6 9. Qc2 Re8 10. Be2 dxc4 11. Bxc4 b5 12. Bb3 a5 13. a3 Ba6 14. Ne2 Rc8 15.
O-O c5 16. Qb1 c4 17. Bc2 b4 18. axb4 axb4 19. Ba4 Rf8 20. Rfe1 Nb6 21. Qa1 Bb7
22. Bc2 b3 23. Bd1 Ra8 24. Qb1 Be4 25. Bxf6 Bxb1 26. Bxe7 Qxe7 27. Rxb1 0-1

[Event "Collado Villalba op-B 35th"]
[Site "Collado Villalba ESP"]
[Date "2018.09.01"]
[Round "9.8"]
[White "Centeno Mendoza, Julio Stefano"]
[Black "Teran Gonzalez, Adrian"]
[Result "1/2-1/2"]
[WhiteElo "1574"]
[BlackElo "1327"]
[PlyCount "156"]
[EventDate "2018.08.24"]
[EventType "swiss"]
[EventRounds "9"]
[EventCountry "ESP"]
[SourceTitle "Ajedrez en Madrid"]
[Source "lmi"]
[SourceDate "2018.08.24"]

1. e4 c5 2. d4 cxd4 3. c3 dxc3 4. Nxc3 Nc6 5. Nf3 e6 6. Bc4 a6 7. Qe2 Bb4 8.
O-O b5 9. Bb3 Bb7 10. Rd1 Nge7 11. Be3 Rc8 12. Rac1 Na5 13. Bc2 Nc4 14. Bb3
Nxe3 15. Qxe3 Bc5 16. Qe2 O-O 17. a3 f5 18. exf5 Nxf5 19. Bxe6+ Kh8 20. Bxd7
Bxf3 21. Qxf3 Nd4 22. Qg4 Rc7 23. Be6 Ba7 24. Kf1 Qf6 25. Qg3 Nxe6 26. Rd6 Bxf2
27. Qf3 Qxf3 28. gxf3 Ng5 29. Rcd1 Bc5 30. Rxa6 Rxf3+ 31. Kg2 h6 32. h4 Rf2+
33. Kg3 Nf7 34. b4 Rb2 35. bxc5 Rb3 36. Rd3 Rxc5 37. Ra8+ Kh7 38. Rb8 Rcxc3 39.
Rxc3 Rxc3+ 40. Kf4 g5+ 41. hxg5 hxg5+ 42. Kg4 Rxa3 43. Rxb5 Ra4+ 44. Kg3 Kh6
45. Rb7 Ra3+ 46. Kg4 Ne5+ 47. Kf5 Ra5 48. Rb3 Nc4+ 49. Kg4 Kg6 50. Rc3 Ne5+ 51.
Kg3 Rd5 52. Kg2 g4 53. Ra3 Kg5 54. Ra2 Nf3 55. Kg3 Kf5 56. Ra4 Ne5 57. Rf4+ Kg5
58. Ra4 Rd3+ 59. Kg2 Kh4 60. Ra2 Nf3 61. Ra1 Rd2+ 62. Kf1 g3 63. Ra4+ Kh5 64.
Ra5+ Ng5 65. Kg1 g2 66. Kh2 Kg4 67. Ra4+ Kf3 68. Ra1 Kf2 69. Rb1 Nf3+ 70. Kh3
g1=Q 71. Rxg1 Nxg1+ 72. Kg4 Rd5 73. Kf4 Nf3 74. Ke4 Re5+ 75. Kf4 Kg2 76. Kg4
Nh4 77. Kf4 Ng6+ 78. Kg4 Ra5 1/2-1/2

[Event "Collado Villalba op-B 35th"]
[Site "Collado Villalba ESP"]
[Date "2018.09.01"]
[Round "9.9"]
[White "Suarez Paz, Alfonso"]
[Black "Karunanithi, Bharath"]
[Result "1-0"]
[WhiteElo "1842"]
[BlackElo "1603"]
[PlyCount "47"]
[EventDate "2018.08.24"]
[EventType "swiss"]
[EventRounds "9"]
[EventCountry "ESP"]
[SourceTitle "Ajedrez en Madrid"]
[Source "lmi"]
[SourceDate "2018.08.24"]

1. e4 c5 2. Nf3 d6 3. d4 cxd4 4. Nxd4 Nf6 5. Nc3 a6 6. f3 e6 7. Be3 Be7 8. Qd2
e5 9. Nf5 Bxf5 10. exf5 d5 11. Bg5 d4 12. Bxf6 Bxf6 13. Ne4 Be7 14. Bd3 Nc6 15.
a3 Rc8 16. O-O O-O 17. Rfe1 h6 18. f4 exf4 19. Qxf4 Qb6 20. f6 Qc7 21. Qg4 g6
22. fxe7 Nxe7 23. Nf6+ Kg7 24. Qxd4 1-0

[Event "Collado Villalba op-B 35th"]
[Site "Collado Villalba ESP"]
[Date "2018.09.01"]
[Round "9.10"]
[White "Herrero Corada, Jose Ignacio"]
[Black "Bahillo Vallejo, Ignacio"]
[Result "1-0"]
[WhiteElo "1764"]
[BlackElo "1415"]
[PlyCount "64"]
[EventDate "2018.08.24"]
[EventType "swiss"]
[EventRounds "9"]
[EventCountry "ESP"]
[SourceTitle "Ajedrez en Madrid"]
[Source "lmi"]
[SourceDate "2018.08.24"]

1. e4 d5 2. exd5 Qxd5 3. Nc3 Qa5 4. d4 c6 5. Nf3 Bg4 6. h3 Bxf3 7. Qxf3 Nf6 8.
Bd2 Qc7 9. Bc4 e6 10. O-O Nbd7 11. Rfe1 Bd6 12. Bb3 O-O 13. Ne4 Nxe4 14. Qxe4
Nf6 15. Qe2 Rad8 16. c3 Nd5 17. c4 Nf6 18. Bg5 Be7 19. Rad1 Rd7 20. Bc2 h6 21.
Bh4 Qb6 22. c5 Qc7 23. Qd3 g6 24. Rxe6 fxe6 25. Qxg6+ Kh8 26. Qxh6+ Kg8 27. Rd3
Bd8 28. Bg3 Qc8 29. Bd6 Rff7 30. Rg3+ Rg7 31. Bh7+ Nxh7 32. Qxe6+ Kh8 1-0

[Event "Collado Villalba op-B 35th"]
[Site "Collado Villalba ESP"]
[Date "2018.09.01"]
[Round "9.11"]
[White "Rodriguez del Moral, Angel"]
[Black "Fernandez Martinez, Luis"]
[Result "1-0"]
[WhiteElo "1728"]
[BlackElo "1566"]
[PlyCount "54"]
[EventDate "2018.08.24"]
[EventType "swiss"]
[EventRounds "9"]
[EventCountry "ESP"]
[SourceTitle "Ajedrez en Madrid"]
[Source "lmi"]
[SourceDate "2018.08.24"]

1. d4 e6 2. Nf3 f5 3. Bf4 Nf6 4. h3 d5 5. e3 Bd6 6. Ne5 O-O 7. Nd2 c6 8. Ndf3
Ne4 9. c3 Be7 10. Qc2 Nd7 11. Bd3 g5 12. Nxd7 Bxd7 13. Be5 Bf6 14. Bh2 Be8 15.
Ne5 Bh5 16. f3 Nd6 17. g4 Bg6 18. O-O-O Nf7 19. Nxg6 hxg6 20. e4 Nh6 21. exf5
gxf5 22. gxf5 exf5 23. Bxf5 Bg7 24. Be6+ Kh8 25. Bg4 Qf6 26. Rdf1 Nxg4 27. hxg4
Qf7 1-0

[Event "Collado Villalba op-B 35th"]
[Site "Collado Villalba ESP"]
[Date "2018.09.01"]
[Round "9.12"]
[White "Melcon Diez, Enrique"]
[Black "Murillo Paz, Pedro"]
[Result "0-1"]
[WhiteElo "1660"]
[BlackElo "1428"]
[PlyCount "130"]
[EventDate "2018.08.24"]
[EventType "swiss"]
[EventRounds "9"]
[EventCountry "ESP"]
[SourceTitle "Ajedrez en Madrid"]
[Source "lmi"]
[SourceDate "2018.08.24"]

1. c4 Nf6 2. Nc3 b6 3. d4 d6 4. e4 g6 5. f4 Bg7 6. Nf3 O-O 7. Bd3 Bg4 8. O-O
Nc6 9. Be3 Nd7 10. Be2 e6 11. h3 Bxf3 12. Bxf3 Rb8 13. e5 Ne7 14. exd6 cxd6 15.
Nb5 Nf5 16. Bf2 a6 17. Nc3 Nf6 18. Qc2 d5 19. c5 bxc5 20. dxc5 Ne4 21. Bxe4
dxe4 22. Qxe4 Rxb2 23. Na4 Rxf2 24. Kxf2 Qh4+ 25. Kg1 Bd4+ 26. Kh2 Qg3+ 27. Kh1
Bxa1 28. Rxa1 Qxh3+ 29. gxh3 Ng3+ 30. Kg2 Nxe4 31. c6 Rc8 32. Rc1 Kg7 33. c7
Nd6 34. Nb6 Re8 35. c8=Q Nxc8 36. Rxc8 Re7 37. Ra8 e5 38. Rxa6 Re6 39. fxe5 Kh6
40. a4 Rxe5 41. Nc4 Rc5 42. Nd6 Rc2+ 43. Kg3 f5 44. Nxf5+ Kg5 45. Nd4 Rc3+ 46.
Nf3+ Kf5 47. Ra5+ Ke4 48. Re5+ Kd3 49. a5 Ra3 50. Kg4 Kc4 51. Ng5 Kd4 52. Nf7
Ra4 53. Kg5 Ra3 54. h4 Rg3+ 55. Kf4 Rg1 56. Re4+ Kd5 57. Nd8 Rf1+ 58. Kg5 Kxe4
59. Kh6 Kf5 60. Kxh7 Rh1 61. Nf7 Rxh4+ 62. Kg7 Ra4 63. Nh6+ Kg5 64. Nf7+ Kh5
65. Ne5 Rxa5 0-1

[Event "Collado Villalba op-B 35th"]
[Site "Collado Villalba ESP"]
[Date "2018.09.01"]
[Round "9.13"]
[White "Castro Uceda, Jose Antonio"]
[Black "Pardo Robles, Jose Manuel"]
[Result "1/2-1/2"]
[WhiteElo "1569"]
[BlackElo "1795"]
[PlyCount "121"]
[EventDate "2018.08.24"]
[EventType "swiss"]
[EventRounds "9"]
[EventCountry "ESP"]
[SourceTitle "Ajedrez en Madrid"]
[Source "lmi"]
[SourceDate "2018.08.24"]

1. e4 c5 2. Nf3 d6 3. d4 cxd4 4. Nxd4 Nf6 5. Nc3 e6 6. Be2 Be7 7. O-O a6 8. f4
Qc7 9. Kh1 O-O 10. Qe1 Nc6 11. Nxc6 bxc6 12. Qg3 Rd8 13. f5 exf5 14. exf5 Qa5
15. Bh6 Bf8 16. Bg5 Kh8 17. Bxf6 gxf6 18. Ne4 Qe5 19. Qh4 Bg7 20. Nc3 Rb8 21.
Rab1 d5 22. Rfe1 Qd6 23. Bd3 Rb4 24. Qh5 Rf8 25. Re2 Qf4 26. Rbe1 Qg5 27. Qxg5
fxg5 28. Re8 f6 29. Rxf8+ Bxf8 30. Re8 Kg7 31. Rxc8 Rxb2 32. Rxc6 d4 33. Nd1
Rb1 34. Be2 Rc1 35. Rxa6 Bb4 36. h3 Rxc2 37. Bf3 d3 38. Rb6 Ba5 39. Rb7+ Bc7
40. a4 Kf8 41. Ra7 Bg3 42. Ra8+ Kf7 43. Bh5+ Ke7 44. Re8+ Kd6 45. Re3 Be5 46.
Rxd3+ Kc5 47. Rb3 h6 48. a5 Ra2 49. Rb7 Rxa5 50. Rh7 Kd4 51. Bf3 Bg3 52. Rxh6
Rxf5 53. Rh8 Re5 54. Rd8+ Kc5 55. Rd5+ Rxd5 56. Bxd5 Kxd5 57. Kg1 Kd4 58. Kf1
f5 59. Ke2 Bd6 60. Kf3 Be7 61. Ne3 1/2-1/2

[Event "Collado Villalba op-B 35th"]
[Site "Collado Villalba ESP"]
[Date "2018.09.01"]
[Round "9.15"]
[White "Palomares Cortez, Facundo Sebast"]
[Black "Pena Hernandez, Francisco"]
[Result "0-1"]
[WhiteElo "1486"]
[BlackElo "1622"]
[PlyCount "56"]
[EventDate "2018.08.24"]
[EventType "swiss"]
[EventRounds "9"]
[EventCountry "ESP"]
[SourceTitle "Ajedrez en Madrid"]
[Source "lmi"]
[SourceDate "2018.08.24"]

1. e4 c5 2. Nf3 Nc6 3. d4 cxd4 4. Nxd4 Nf6 5. Nc3 d6 6. Be2 e5 7. Nb3 Be6 8.
Be3 Be7 9. O-O O-O 10. f4 exf4 11. Rxf4 Ne5 12. Nd5 Ng6 13. Rf1 Nxe4 14. Bf3
Nf6 15. Nxf6+ Bxf6 16. Bxb7 Bxb2 17. Bxa8 Bxa1 18. Bd5 Be5 19. Bxa7 Bxd5 20.
Qxd5 Qc7 21. Bd4 Qxc2 22. Bxe5 dxe5 23. Nc5 Nf4 24. Rxf4 exf4 25. Nd7 Qc1+ 26.
Kf2 Qe3+ 27. Kf1 Re8 28. Qd1 Qe6 0-1

[Event "Collado Villalba op-B 35th"]
[Site "Collado Villalba ESP"]
[Date "2018.09.01"]
[Round "9.16"]
[White "Gallego Romero, Manuel"]
[Black "Mejias Gonzalez, Pedro"]
[Result "1/2-1/2"]
[WhiteElo "1406"]
[BlackElo "1593"]
[PlyCount "137"]
[EventDate "2018.08.24"]
[EventType "swiss"]
[EventRounds "9"]
[EventCountry "ESP"]
[SourceTitle "Ajedrez en Madrid"]
[Source "lmi"]
[SourceDate "2018.08.24"]

1. e4 d5 2. e5 c5 3. c3 Nc6 4. Bb5 Bd7 5. Bxc6 Bxc6 6. d4 cxd4 7. cxd4 e6 8. a3
Ne7 9. Bg5 h6 10. Bxe7 Bxe7 11. f4 Qb6 12. b4 a5 13. bxa5 Qxa5+ 14. Qd2 Qxd2+
15. Kxd2 Ra4 16. Nf3 O-O 17. Rc1 Rfa8 18. Ke3 Bxa3 19. Nxa3 Rxa3+ 20. Rxa3
Rxa3+ 21. Kf2 Ra2+ 22. Kg1 f5 23. h3 Kf7 24. Kh2 Kg6 25. Rc3 Kf7 26. Re3 Ke7
27. Rc3 Kd7 28. Rc1 b5 29. Ne1 Ra4 30. Rd1 Kc7 31. Kg3 Kb6 32. Kh4 g6 33. g4
fxg4 34. hxg4 Ra2 35. Kg3 Ra4 36. f5 gxf5 37. gxf5 exf5 38. e6 Kc7 39. Kf4 Kd6
40. Kxf5 Ke7 41. Rc1 Rc4 42. Ra1 Rxd4 43. Ra7+ Kd6 44. Nf3 Re4 45. Ra6 h5 46.
Ng5 Re1 47. Nf7+ Kc5 48. Ne5 Rf1+ 49. Kg5 Be8 50. Nd7+ Kd4 51. Ra8 Rg1+ 52. Kf6
Rg6+ 53. Ke7 Rxe6+ 54. Kxe6 Bxd7+ 55. Kxd7 b4 56. Rh8 b3 57. Rxh5 Kc4 58. Rh4+
d4 59. Rh1 b2 60. Kd6 d3 61. Ke5 Kc3 62. Ke4 d2 63. Ke3 Kc2 64. Ke2 Kc3 65. Rd1
Kc2 66. Rxd2+ Kc1 67. Rd1+ Kc2 68. Rd2+ Kc1 69. Rd1+ 1/2-1/2

[Event "Collado Villalba op-B 35th"]
[Site "Collado Villalba ESP"]
[Date "2018.09.01"]
[Round "9.19"]
[White "Enriquez Pastor, Jorge"]
[Black "Garcia Lopez, Fernando"]
[Result "1-0"]
[WhiteElo "1430"]
[BlackElo "1558"]
[PlyCount "105"]
[EventDate "2018.08.24"]
[EventType "swiss"]
[EventRounds "9"]
[EventCountry "ESP"]
[SourceTitle "Ajedrez en Madrid"]
[Source "lmi"]
[SourceDate "2018.08.24"]

1. e4 e5 2. Nf3 Nc6 3. Bb5 a6 4. Ba4 Nf6 5. O-O Be7 6. Re1 b5 7. Bb3 d6 8. h3
O-O 9. c3 Re8 10. d4 Bf8 11. Nbd2 Bb7 12. d5 Na5 13. Bc2 c6 14. b4 Nc4 15. Nxc4
bxc4 16. Ba4 Rc8 17. Qe2 Re7 18. dxc6 Bxc6 19. Bxc6 Rxc6 20. a4 Rb7 21. Ba3 Ne8
22. Rad1 Qf6 23. Nd2 Qe6 24. Nf1 Qc8 25. Ne3 Nf6 26. Nd5 Nxd5 27. Rxd5 Qe8 28.
a5 Rb5 29. Rxb5 axb5 30. Rd1 Qb8 31. Bc1 Qd8 32. Be3 Qe8 33. Bb6 Qa8 34. Rd5
Qa6 35. Qg4 Rc8 36. Qd7 g6 37. Qxb5 Qa8 38. Qd7 Rc6 39. Rb5 f5 40. Qe6+ Kh8 41.
exf5 d5 42. Qxe5+ Bg7 43. Qxd5 Rc8 44. Qxa8 Rxa8 45. Bd4 Bxd4 46. cxd4 gxf5 47.
Rc5 c3 48. Rxc3 Ra6 49. Rd3 Kg7 50. d5 Rd6 51. b5 Kf7 52. b6 Ke7 53. b7 1-0

[Event "Collado Villalba op-B 35th"]
[Site "Collado Villalba ESP"]
[Date "2018.09.01"]
[Round "9.22"]
[White "Llanas Del Hoyo, Andres"]
[Black "Rojas Fernandez, Antonio"]
[Result "1/2-1/2"]
[WhiteElo "1509"]
[BlackElo "1141"]
[PlyCount "71"]
[EventDate "2018.08.24"]
[EventType "swiss"]
[EventRounds "9"]
[EventCountry "ESP"]
[SourceTitle "Ajedrez en Madrid"]
[Source "lmi"]
[SourceDate "2018.08.24"]

1. f4 Nc6 2. e4 e5 3. fxe5 Nxe5 4. Nf3 d6 5. d4 Nxf3+ 6. Qxf3 Qf6 7. Qxf6 Nxf6
8. Nc3 Be7 9. Bg5 h6 10. Bh4 Be6 11. h3 g5 12. Bg3 O-O-O 13. O-O-O a6 14. Bd3
d5 15. Be5 Rhf8 16. a3 dxe4 17. Nxe4 Nxe4 18. Bxe4 f5 19. Bf3 Bd5 20. Bxd5 Rxd5
21. Rhe1 Bf6 22. Bxf6 Rxf6 23. c4 Rdd6 24. d5 Rd8 25. Re5 Rff8 26. Re6 Rd6 27.
Re5 Rdd8 28. Rde1 Kd7 29. Re7+ Kc8 30. Rh7 Rh8 31. Ree7 Rxh7 32. Rxh7 Rd6 33.
Rh8+ Kd7 34. Rh7+ Kc8 35. Rh8+ Kd7 36. Rh7+ 1/2-1/2

[Event "Collado Villalba op-B 35th"]
[Site "Collado Villalba ESP"]
[Date "2018.09.01"]
[Round "9.23"]
[White "Perez Rodrigo, Alicia"]
[Black "Criado Herrero, Luis"]
[Result "1-0"]
[WhiteElo "1351"]
[BlackElo "1488"]
[PlyCount "43"]
[EventDate "2018.08.24"]
[EventType "swiss"]
[EventRounds "9"]
[EventCountry "ESP"]
[SourceTitle "Ajedrez en Madrid"]
[Source "lmi"]
[SourceDate "2018.08.24"]

1. d4 Nf6 2. c4 c6 3. Nc3 e6 4. Bg5 d5 5. e3 Nbd7 6. a3 Qc7 7. Nf3 g6 8. Rc1
Bg7 9. cxd5 exd5 10. Nb5 Qb8 11. Bf4 Qxf4 12. exf4 cxb5 13. Bxb5 O-O 14. O-O
Nb6 15. Re1 a6 16. Bd3 Nh5 17. g3 Bg4 18. Be2 Rad8 19. Ne5 Bxe2 20. Rxe2 Nf6
21. Rc7 Rb8 22. Qb3 1-0

[Event "Collado Villalba op-B 35th"]
[Site "Collado Villalba ESP"]
[Date "2018.09.01"]
[Round "9.24"]
[White "Ruiz Grau, David"]
[Black "Martinez Martinez, Antonio"]
[Result "1-0"]
[WhiteElo "1277"]
[BlackElo "1480"]
[PlyCount "143"]
[EventDate "2018.08.24"]
[EventType "swiss"]
[EventRounds "9"]
[EventCountry "ESP"]
[SourceTitle "Ajedrez en Madrid"]
[Source "lmi"]
[SourceDate "2018.08.24"]

1. d4 g6 2. Bf4 d6 3. e3 c6 4. c4 Nf6 5. Nc3 Bg7 6. h3 Na6 7. a3 c5 8. Nf3 Bd7
9. Be2 Qa5 10. b4 cxb4 11. axb4 Qxb4 12. Qc1 Ne4 13. Ra3 Nc7 14. O-O Nxc3 15.
Qxc3 Qxc3 16. Rxc3 Ne6 17. Bh2 Nc5 18. Ra3 Ne4 19. Rb1 b6 20. Rba1 a5 21. Rb1
Kd8 22. c5 bxc5 23. dxc5 Nxc5 24. Bb5 Bxb5 25. Rxb5 a4 26. Ng5 Kc7 27. Nxf7
Rhf8 28. Ng5 h6 29. Rxc5+ Kb6 30. Ne6 Bb2 31. Ra2 dxc5 32. Rxb2+ Kc6 33. Nxf8
Rxf8 34. Be5 Kd5 35. f4 Ke4 36. Kf2 Kd3 37. Ra2 Ra8 38. g4 c4 39. Ra3+ Ke4 40.
h4 Kd5 41. Kf3 Kc5 42. f5 gxf5 43. gxf5 h5 44. f6 exf6 45. Bd4+ Kb5 46. Ke2 f5
47. Kf3 Rg8 48. e4 fxe4+ 49. Kxe4 Rg4+ 50. Kd5 Rxh4 51. Ra1 Rg4 52. Rb1+ Ka5
53. Kxc4 a3 54. Rb5+ Ka6 55. Rxh5 a2 56. Rh1 Rg2 57. Ra1 Ka5 58. Kb3 Rg3+ 59.
Bc3+ Kb5 60. Rxa2 Kc6 61. Ra5 Kb6 62. Rh5 Kc6 63. Kc4 Rg4+ 64. Bd4 Re4 65. Rh6+
Kd7 66. Kd5 Rg4 67. Rh7+ Ke8 68. Ke6 Rg6+ 69. Bf6 Kf8 70. Ra7 Kg8 71. Ra8+ Kh7
72. Rh8# 1-0

[Event "Collado Villalba op-B 35th"]
[Site "Collado Villalba ESP"]
[Date "2018.09.01"]
[Round "9.25"]
[White "Rapaport, Andres Natalio"]
[Black "Ariza del Castillo, Pablo"]
[Result "0-1"]
[WhiteElo "1277"]
[BlackElo "1170"]
[PlyCount "40"]
[EventDate "2018.08.24"]
[EventType "swiss"]
[EventRounds "9"]
[EventCountry "ESP"]
[SourceTitle "Ajedrez en Madrid"]
[Source "lmi"]
[SourceDate "2018.08.24"]

1. d4 g6 2. Bf4 d6 3. Nf3 Bg7 4. e3 Nf6 5. Bd3 Nc6 6. O-O Bd7 7. a3 O-O 8. Nbd2
Re8 9. Nc4 b5 10. Ncd2 a6 11. Ne4 Nh5 12. Bg5 f6 13. Bh4 e5 14. c3 h6 15. Qb3+
Be6 16. d5 Bf7 17. a4 Ne7 18. c4 f5 19. Nf6+ Nxf6 20. axb5 e4 0-1

[Event "Collado Villalba op-B 35th"]
[Site "Collado Villalba ESP"]
[Date "2018.09.01"]
[Round "9.26"]
[White "Orta Vazquez, Mario"]
[Black "Buergo Villanueva, Fernando"]
[Result "1-0"]
[WhiteElo "1429"]
[BlackElo "1272"]
[PlyCount "77"]
[EventDate "2018.08.24"]
[EventType "swiss"]
[EventRounds "9"]
[EventCountry "ESP"]
[SourceTitle "Ajedrez en Madrid"]
[Source "lmi"]
[SourceDate "2018.08.24"]

1. Nf3 Nf6 2. c4 b6 3. g3 Bb7 4. Bg2 d5 5. cxd5 Bxd5 6. Nc3 Bc6 7. d3 Nbd7 8.
O-O e5 9. Qc2 h6 10. e4 Bd6 11. Ne2 Bb7 12. Nd2 Rc8 13. a3 a5 14. b3 O-O 15.
Bb2 Ba6 16. Nc4 Nc5 17. b4 Ncd7 18. bxa5 Bc5 19. d4 exd4 20. Bxd4 Bxd4 21. Nxd4
c5 22. Nf5 b5 23. Ncd6 Rc6 24. Rfd1 Ne5 25. Nxf7 Qe8 26. N7d6 Qe6 27. f4 g6 28.
fxe5 Qxe5 29. Nh4 Kg7 30. Nf3 Qe6 31. e5 Nd7 32. Nh4 Nxe5 33. Bxc6 Nxc6 34.
Qxc5 b4 35. Qxc6 Qe3+ 36. Kh1 Be2 37. Re1 g5 38. Ndf5+ Rxf5 39. Nxf5+ 1-0